[Event "Sapporo Autumn Chess Tornament 2019"]
[Site "?"]
[Date "2019.10.14"]
[Round "5.4"]
[White "Nakamura, Mitsuru"]
[Black "Kikuchi, Akira"]
[Result "0-1"]
[WhiteElo "1314"]
[BlackElo "1718"]
[Annotator "Fritz 11 SE (30s)"]
[PlyCount "70"]

{B98: Sicilian Najdorf: 6 Bg5 e6 7 f4 Be7, sidelines} 1. e4 c5 (1... e5 $5 $11)
2. Nf3 $14 d6 {Secures e5} 3. d4 cxd4 4. Nxd4 {Black is behind in developement.
Black's piece can't move: f8} Nf6 {Black threatens to win material: Nf6xe4} 5.
Nc3 e6 {Consolidates d5+f5} 6. Bg5 {Black is behind in developement} Be7 7. f4
(7. Bb5+ Bd7 $14) 7... a6 {Controls b5} (7... O-O 8. Qd2 $11) 8. Qf3 $14 Qc7 9.
g4 {Black has a cramped position} (9. O-O-O h6 10. Bh4 O-O $14) 9... Nc6 {
Black threatens to win material: Nc6xd4} (9... h6 10. Bxf6 Bxf6 11. O-O-O $11)
10. O-O-O b5 (10... Bd7 11. Kb1 $11) 11. a3 {Loses material} (11. e5 $142 $5
Bb7 12. Bg2 $16) 11... Bb7 $11 12. Bxf6 Bxf6 13. Nde2 (13. Bxb5 axb5 14. Ndxb5
Qb6 15. Nxd6+ Kf8 $11) 13... Rc8 (13... b4 14. axb4 Nxb4 15. Bg2 $15) 14. g5 {
White threatens to win material: g5xf6} Be7 15. f5 $2 {White gets more space} (
15. Kb1 O-O $11) 15... Bxg5+ (15... Ne5 16. Qf4 exf5 17. Qxf5 $17) 16. Kb1 Ne5
{Black threatens to win material: Ne5xf3. The knight feels good on e5} (16...
Qe7 17. Bh3 Ne5 18. Qg3 exf5 19. Rhg1 $15) 17. Qh5 {White threatens to win
material: Qh5xg5} (17. Qg3 Bxe4 {Decoy: e4} 18. Qxg5 Bxh1 19. Qxg7 Rf8 $11)
17... Bf6 (17... Be3 18. fxe6 Bxe4 19. exf7+ Nxf7 20. Bh3 Bxh1 21. Bxc8 Qxc8
22. Rxh1 $11) 18. fxe6 $15 O-O {White has an active position} 19. Bh3 {White
has a king attack} Rce8 (19... g6 20. Qh6 Qe7 21. Rhg1 fxe6 22. Nd4 Rxc3 23.
Bxe6+ Kh8 24. bxc3 Bxe4 25. Bb3 $17) 20. Nd5 (20. Nf4 g6 21. Qe2 Bg5 $11) 20...
Bxd5 $15 {Black forks: e4+e6} 21. exd5 {Opposite coloured bishops appeared} Kh8
{Black king safety improved} (21... g6 22. Qh6 $15) 22. Nf4 (22. Nd4 $142 $5
$14 {would allow White to play on}) 22... g6 $17 {Covers f5} 23. Qh6 Bg7 24.
Qh4 (24. Qg5 Nc4 25. exf7 Re5 $17) 24... Qe7 {Black threatens to win material:
Qe7xh4} (24... Nc4 $142 25. exf7 Qxf7 $17) 25. Qf2 $2 (25. Qxe7 $142 {and
White hangs on} Rxe7 26. Nd3 $11) 25... fxe6 (25... Nc4 $142 26. Nd3 fxe6 $19)
26. Bxe6 $4 {a blunder in a bad position. .} (26. Qg3 $142 Nc4 27. Nxe6 $19)
26... g5 $19 27. Ng6+ Nxg6 28. Qb6 (28. Qd2 {cannot undo what has already been
done} Ne5 29. c3 Nc4 $19) 28... Ra8 (28... Ne5 {seems even better} 29. c3 Nc4
30. Qg1 $19) 29. Rhe1 (29. h4 {does not win a prize} gxh4 30. Rdf1 Nf4 $19)
29... Ne5 30. Re4 (30. Bh3 {doesn't get the cat off the tree} g4 31. Bf1 Rab8
$19) 30... Qd8 (30... Nc4 {and Black can already relax} 31. Qg1 Nxb2 32. Rc1
$19) 31. Qe3 (31. Qxd8 {desperation} Raxd8 32. Re2 $19) 31... Nc4 32. Qh3 (32.
Qg3 {hardly improves anything} Nxb2 33. Rc1 Qa5 $19) 32... Nxb2 33. Rg1 (33.
Rd2 {doesn't do any good} Qf6 34. c3 Na4 $19) 33... Qf6 34. Kc1 Nc4 35. Kd1
Qa1+ (35... Qa1+ 36. Ke2 Qxg1 37. Bf5 Rxf5 38. Qxf5 Qg2+ 39. Qf2 Qxe4+ 40. Kf1
Qh1+ 41. Ke2 Re8+ 42. Qe3 Rxe3+ 43. Kf2 Qxh2+ 44. Kf1 Nd2#) 0-1

[Event "Sapporo Autumn Chess Tornament 2019"]
[Site "?"]
[Date "2019.10.14"]
[Round "5.5"]
[White "Sato Yasuji"]
[Black "Kobayashi Katsuhiko"]
[Result "1-0"]
[WhiteElo "1453"]
[BlackElo "1515"]
[Annotator "Fritz 11 SE (30s)"]
[PlyCount "53"]

{C00: French: Unusual White 2nd moves} 1. e4 e6 2. c3 (2. a3 d5 (2... c5 3. b4
Qf6 4. c3 d5 5. bxc5 Bxc5 6. d4 Bb6 7. e5 Qg6 8. Nf3 f6 9. Bd3 Qf7 10. a4 Nc6
11. O-O Nge7 12. Ba3 Bd7 13. Ra2 Rc8 14. Re2 O-O 15. Rfe1 Na5 16. Qc2 f5 17.
Qd1 {Zala,G (2175)-Rujzam,G (2190) Hungary 2002 1-0 (40)}) 3. e5 c5 4. b4 cxb4
5. axb4 Bxb4 6. c3 Be7 7. d4 Bd7 8. Nf3 f5 9. Bd3 Nh6 10. Bxh6 gxh6 11. Qd2 Bf8
12. Na3 Rg8 13. g3 a6 14. O-O Bc6 15. Nc2 b5 16. Qe2 Nd7 {Hoogendoorn,J (2391)
-Feygin,M (2471) Netherlands 2001 1-0 (36)}) 2... Be7 $146 (2... d5 3. Bd3 dxe4
(3... Nf6 4. Qe2 c5 5. exd5 Nxd5 6. Be4 Be7 7. Nf3 Nc6 8. O-O O-O 9. d4 cxd4
10. cxd4 b6 11. Rd1 Bb7 12. Nc3 Na5 13. Ne5 Nxc3 14. bxc3 Bxe4 15. Qxe4 Qd5 16.
Qg4 Bf6 17. Bf4 Rac8 18. Qg3 {Pusch,H (2169)-Jellinghaus,L (2214) Bochum 2001
1-0 (69)}) 4. Bxe4 Nf6 5. Bc2 c5 (5... e5 6. Qe2 Qe7 7. d3 Nc6 8. Nf3 Bg4 9.
Bg5 h6 10. Bxf6 Qxf6 11. Nbd2 O-O-O 12. O-O-O g5 13. Kb1 Bg7 14. Rhe1 Bh5 15.
h3 Rd5 16. g4 Bg6 17. Ne4 Qf4 18. Nfd2 h5 19. Nc4 hxg4 20. hxg4 {Deutsch,L 
(2220)-Poeltl,T (2225) Austria 1991 1-0 (33)}) 6. Nf3 Nc6 7. d4 cxd4 8. cxd4
Nb4 9. Bb3 Be7 10. O-O O-O 11. Nc3 b6 12. a3 Nbd5 13. Ne5 Bb7 14. Bg5 Rc8 15.
Ne2 Nd7 16. Bxe7 Qxe7 17. Nxd7 {Cabarkapa,V (2275)-Damjanovic,V (2440)
Vrnjacka Banja 1996 0-1 (72)}) 3. Nf3 Nc6 4. d4 d5 5. e5 {White wins space} f6
6. Bf4 (6. Bd3 fxe5 7. dxe5 h5 $16) 6... b6 (6... fxe5 $5 {is an interesting
alternative} 7. Nxe5 Nf6 $11) 7. Bb5 $16 Bb7 8. O-O Qd7 9. exf6 gxf6 10. Qa4 (
10. Re1 $142 $5 $16) 10... Bd6 (10... a6 11. Bxc6 Bxc6 12. Qc2 $11) 11. Bxd6
$14 Qxd6 12. Re1 Nge7 13. Nbd2 O-O 14. Bd3 Rf7 15. Re3 (15. Rad1 Kh8 $14) 15...
Rg7 (15... e5 $5 $11 {is worth consideration}) 16. Rae1 $14 e5 $2 (16... Bc8
$142 $14 {and Black could well hope to play on}) 17. dxe5 $18 fxe5 18. Nxe5
Nxe5 19. Rxe5 Bc8 $4 {Black falls apart} (19... Rf8 $142 $18) 20. Qh4 (20. Qe8#
) 20... Ng6 (20... Kf8 {doesn't improve anything} 21. Bxh7 Bd7 22. R5e3 $18)
21. Bxg6 Rxg6 (21... Bd7 {no good, but what else?} 22. Be8 c5 $18) 22. Re8+ Kg7
(22... Qf8 {a fruitless try to alter the course of the game} 23. Rxf8+ Kg7 24.
Qe7+ Kh6 25. Rf7 Rxg2+ 26. Kxg2 Kh5 27. Re5+ Bf5 28. Rg7 Re8 29. Qg5#) 23.
R1e7+ Qxe7 24. Rxe7+ Kf8 25. Qxh7 Rxg2+ (25... Be6 {does not improve anything}
26. Rxc7 Rc8 27. Rxa7 Rb8 28. Qxg6 Rb7 29. Rxb7 Bd7 30. Rxd7 d4 31. Qf7#) 26.
Kxg2 Bh3+ 27. Kxh3 (27. Kxh3 Re8 28. Qg7#) 1-0

[Event "Sapporo Autumn Chess Tornament 2019"]
[Site "?"]
[Date "2019.10.14"]
[Round "5.6"]
[White "Takeuchi, Hiroshi"]
[Black "Watanabe, Katsumi"]
[Result "0-1"]
[WhiteElo "1350"]
[BlackElo "1723"]
[Annotator "Fritz 11 SE (30s)"]
[PlyCount "76"]

{D05: Colle System with ...e6} 1. d4 d5 2. Nf3 Nf6 3. e3 e6 4. Bd3 Be7 5. O-O
O-O 6. b3 Nbd7 (6... b6 7. Bb2 Bb7 8. c4 (8. Nbd2 Nbd7 9. Qe2 Ne4 10. Rfd1 f5
11. c4 c6 12. Rac1 a5 13. a4 Bb4 14. Nb1 Qe7 15. Ne1 Bd6 16. f4 g5 17. g3 gxf4
18. exf4 Rf6 19. Nf3 Rh6 20. Bxe4 dxe4 21. Ne5 Nf6 22. Nd2 Bxe5 {Singer,C 
(2343)-Radnetter,G (2259) Austria 2014 1/2-1/2 (49)}) 8... Na6 9. a3 c5 10. Qe2
Nc7 11. Rd1 cxd4 12. exd4 a5 13. Nc3 a4 14. cxd5 Ncxd5 15. Nxa4 Nf4 16. Qe3
N6d5 17. Qd2 Nxd3 18. Qxd3 Nf4 19. Qe3 Bg5 20. Nxg5 Qxg5 21. g3 {Hoffman,A 
(2285)-Garcia,G (2520) Cuba 1993 0-1 (40)}) 7. Bb2 c5 8. Nbd2 a6 $146 {
Prevents intrusion on b5} (8... b6 9. Ne5 Bb7 10. f4 Ne4 11. Nxe4 dxe4 12. Nxd7
Qxd7 13. Be2 Rfd8 14. Qe1 Bf6 15. c3 Rac8 16. Rc1 b5 17. b4 cxb4 {1/2-1/2 (17)
Lipka,J (2370)-Hlavnicka,J (2230) Lazne Bohdanec 1997}) 9. Ne5 cxd4 10. exd4 b5
(10... Nxe5 11. dxe5 Nd7 12. c4 $14) 11. Qe2 {Black has a cramped position} (
11. Nc6 Qe8 $16) 11... Bb7 (11... Nxe5 12. dxe5 Nd7 13. Ne4 $11) 12. f4 $14 Rc8
13. Rac1 b4 {White has a new backward pawn: c2} 14. Rf3 Qa5 15. a4 (15. Ra1
$142 $11 {and White is still in the game}) 15... bxa3 $17 16. Nxd7 $4 {the
position was bad, and this mistake simply hastens the end} (16. Ba1 Rc7 $17)
16... Nxd7 (16... axb2 {seems even better} 17. Nxf6+ Bxf6 18. Rd1 Bxd4+ 19. Kh1
$19) 17. Bxh7+ $4 {the final mistake, not that it matters anymore} (17. Ba1
$142 $19) 17... Kxh7 18. Rh3+ (18. Ra1 {cannot change what is in store for
White} Kg8 19. c3 Qb5 20. Qxb5 axb5 21. Bxa3 Ra8 $19) 18... Kg8 19. Qh5 (19.
Ra1 {hoping against hope} Nf6 20. c4 $19) 19... f5 20. Qg6 (20. Qh7+ {does not
save the day} Kf7 21. Qh5+ g6 22. Qh7+ Ke8 23. Bxa3 Qxa3 $19) 20... Rf6 (20...
axb2 $142 {secures victory} 21. Qxe6+ Rf7 22. Qe1 bxc1=R 23. Qxc1 $19) 21. Qh7+
Kf7 22. Qh5+ (22. Bxa3 {cannot change destiny} Qxa3 23. Qh5+ Rg6 $19) 22... Rg6
23. Rg3 Nf8 (23... Qxd2 $2 {looks very tantalising, but} 24. Qxg6+ Kf8 25. Rh3
$18) 24. Nf3 (24. Bxa3 {otherwise it's curtains at once} Qxa3 25. Qd1 Rxg3 26.
hxg3 $19) 24... axb2 25. Rf1 Qa1 26. Ne5+ Ke8 (26... Kg8 $142 {makes it even
easier for Black} 27. Qd1 Qxd1 28. Rxd1 Rxg3 29. hxg3 Rxc2 $19) 27. Rxg6 Qxf1+
$1 {Double attack: g6/f1} 28. Kxf1 b1=Q+ 29. Kf2 Rxc2+ 30. Kg3 Qxb3+ (30...
Rc3+ 31. Nf3 Rxf3+ 32. Kxf3 Qd1+ 33. Kg3 Qxh5 34. Rg4 Qxg4+ 35. Kf2 Qxf4+ 36.
Ke2 Bg5 37. g4 Bc6 38. gxf5 Bb5+ 39. Kd1 Qd2#) 31. Nf3 Nxg6 32. Qxg6+ Kd7 33.
h4 Qb2 (33... Qd3 34. Kh3 Qf1 35. Ne5+ Kc8 36. Qxe6+ Kb8 37. Nd7+ Ka7 38. Qb6+
Ka8 39. Qd8+ Bxd8 40. Nb6+ Bxb6 41. h5 Qxg2+ 42. Kh4 Bd8#) 34. Kh3 Bf6 35. Qf7+
Kd6 36. Qf8+ Kc6 37. Qe8+ Kb6 38. Qxe6+ (38. Qb8 {is not much help} Qa1 39.
Qd6+ Kb5 40. Kh2 Qf1 41. Ne1 Qxe1 42. Qa3 Bxd4 43. Qb3+ Ka5 44. Qa3+ Kb6 45.
Qb3+ Ka7 46. Qf3 Bf2 47. Qd1 Qxd1 48. g4 fxg4 49. h5 Qg1#) 38... Ka7 (38... Ka7
39. h5 Rxg2 40. Qe3 Rg4 41. Qd2 Qb1 42. Qf2 Bh4 43. Kh2 Bxf2 44. Ne1 Bg1+ 45.
Kh3 Qxe1 46. h6 Qc3#) 0-1